Využití komplexního experimentu řízení efektivnosti a kvality ve strojírensví
Uložené v:
| Hlavný autor: | |
|---|---|
| Médium: | Kniha |
| Jazyk: | Czech |
| Vydavateľské údaje: |
Praha
Výzkumný ústav strojírenské technologie a ekonomiky
1980
|
| Edícia: | Knižnice VUSTE
sv. 167 |
| Tagy: |
Žiadne tagy, Buďte prvý, kto otaguje tento záznam!
|
MARC
| LEADER | 00000nam a2200000 4500 | ||
|---|---|---|---|
| 001 | c138657 | ||
| 005 | 20041019155313.7 | ||
| 041 | 0 | |a cze | |
| 044 | |a CZ | ||
| 245 | 1 | 0 | |a Využití komplexního experimentu řízení efektivnosti a kvality ve strojírensví |c Otakar Svoboda |
| 264 | 1 | |a Praha |b Výzkumný ústav strojírenské technologie a ekonomiky |c 1980 | |
| 300 | |a 127 s. | ||
| 490 | 1 | |a Knižnice VUSTE |v sv. 167 | |
| 830 | 0 | |a Knižnice VUSTE |v sv. 167 | |
| 100 | 1 | |a Svoboda, Otakar | |